000 00321nam a22001337a 4500
020 _a0-07-099477-3
082 _a621.391 MAL'D
100 _aMALVINO, ALBERT.PAUL
_956026
245 _aAN INTRODUCTION TO MICROCOMPUTERS
250 _a2ND
260 _aNEW DELHI
_bTATA MCGRAW HILL
_c1983
300 _a335P
942 _cBK
999 _c584184
_d584184